| 000 | 00513cam a2200169 a 4500 | ||
|---|---|---|---|
| 020 | _a0534352154 (acidfree paper) | ||
| 050 | 0 | 0 |
_aQD 251.2 _b.M4 1998 |
| 100 | 1 | _aMcMurry, John. | |
| 245 | 1 | 0 |
_aFundamentals of organic chemistry / _cJohn McMurry. |
| 250 | _a4th ed. | ||
| 260 |
_aPacific Grove, CA : _bBrooks/Cole Pub. Co., _cc1998. |
||
| 300 | _a 566, [50] p. : | ||
| 500 | _aA stereo viewer is bound into the back of the book. | ||
| 500 | _aIncludes index. | ||
| 650 | 0 | _bChemistry, Organic | |
| 942 |
_2lcc _cGEN |
||
| 999 |
_c6788 _d6788 |
||